[Event "IECC TH-M email"]
[Site "IECC email"]
[Date "2003.01.21"]
[Round "?"]
[White "Sgouritsas, Demosthenes"]
[Black "Roberts, David Llewelyn"]
[Result "1-0"]
[WhiteElo "1623"]
[BlackElo "1631"]
[PlyCount "29"]
[EventDate "2003.??.??"]
[EventType "match (corr)"]
[EventRounds "2"]
[SourceTitle "Corr 2008"]
[Source "ChessBase"]
[SourceDate "2008.06.24"]
[SourceVersion "1"]
[SourceVersionDate "2008.06.24"]
[SourceQuality "1"]

1. d4 Nf6 2. Nf3 e6 3. Bg5 c5 4. c3 cxd4 5. cxd4 Qb6 6. Qc2 Be7 7. Qxc8+ Bd8 8. Nbd2 Nc6 9. Qxa8 0-0 10. Nc4 Qb4+ 11. Bd2 Qb5 12. a4 Qa6 13. Nd6 Na5 14. Nc8 Bb6 15. Ne7+ 1-0

[Event "IECG TE.2002.P.01104 email"]
[Site "IECG email"]
[Date "2002.12.30"]
[Round "?"]
[White "Celedon, Ivan"]
[Black "Sgouritsas, Demosthenes"]
[Result "1-0"]
[WhiteElo "1995"]
[BlackElo "800"]
[PlyCount "57"]
[EventDate "2002.12.30"]
[EventType "tourn (corr)"]
[EventRounds "12"]
[SourceTitle "Corr 2008"]
[Source "ChessBase"]
[SourceDate "2008.06.24"]
[SourceVersion "1"]
[SourceVersionDate "2008.06.24"]
[SourceQuality "1"]

1. d4 Nf6 2. c4 c5 3. d5 e6 4. Nc3 exd5 5. cxd5 d6 6. Nf3 g6 7. g3 Bg7 8. Bg2 0-0 9. 0-0 Nbd7 10. Nd2 Re8 11. a4 a6 12. Nc4 Ne5 13. Nxe5 Rxe5 14. e4 Re8 15. Qc2 Rb8 16. a5 b6 17. axb6 Qxb6 18. f4 Ng4 19. h3 Bd4+ 20. Kh1 Ne3 21. Bxe3 Bxe3 22. Rfe1 Bd4 23. Ra2 Qb3 24. Qd2 Qb4 25. Qc2 f5 26. Re2 Qb3 27. Qxb3 Rxb3 28. Kh2 Bb7 29. exf5 1-0

[Event "IECG TE.2002.P.01104 email"]
[Site "IECG email"]
[Date "2002.12.30"]
[Round "?"]
[White "Jimenez, Joaquin Rodrigo"]
[Black "Sgouritsas, Demosthenes"]
[Result "1/2-1/2"]
[WhiteElo "2024"]
[BlackElo "800"]
[PlyCount "95"]
[EventDate "2002.12.30"]
[EventType "tourn (corr)"]
[EventRounds "12"]
[SourceTitle "Corr 2008"]
[Source "ChessBase"]
[SourceDate "2008.06.24"]
[SourceVersion "1"]
[SourceVersionDate "2008.06.24"]
[SourceQuality "1"]

1. d4 Nf6 2. c4 c5 3. d5 e6 4. Nc3 exd5 5. cxd5 d6 6. e4 g6 7. Bf4 a6 8. Nf3 Bg7 9. h3 0-0 10. Bd3 b5 11. 0-0 Re8 12. Re1 Ra7 13. a3 Rae7 14. b4 Nh5 15. Bd2 Nd7 16. Rc1 Nhf6 17. Bf4 Qb6 18. Qd2 Bb7 19. Be3 Qc7 20. bxc5 dxc5 21. Bxb5 Nxe4 22. Nxe4 Rxe4 23. d6 Qd8 24. Bxd7 Qxd7 25. Rxc5 Rd8 26. Rc7 Qxc7 27. dxc7 Rxd2 28. Nxd2 Re7 29. Rc1 Bc8 30. Bf4 Bf8 31. Nc4 Re6 32. Be3 Bd6 33. Nb6 Re8 34. Nxc8 Rxc8 35. Bb6 Kf8 36. a4 Ke7 37. Kf1 Kd7 38. Ke2 Bxc7 39. Rxc7+ Rxc7 40. Bxc7 Kxc7 41. Kd3 Kb6 42. Kc4 Ka5 43. Kb3 g5 44. g3 f5 45. f4 gxf4 46. gxf4 h6 47. h4 h5 48. Ka3 1/2-1/2

[Event "IECG TE.2002.P.01102 email"]
[Site "IECG email"]
[Date "2002.12.30"]
[Round "?"]
[White "Muller, Henry"]
[Black "Sgouritsas, Demosthenes"]
[Result "1-0"]
[WhiteElo "2120"]
[BlackElo "800"]
[PlyCount "65"]
[EventDate "2002.12.30"]
[EventType "tourn (corr)"]
[EventRounds "12"]
[SourceTitle "Corr 2008"]
[Source "ChessBase"]
[SourceDate "2008.06.24"]
[SourceVersion "1"]
[SourceVersionDate "2008.06.24"]
[SourceQuality "1"]

1. d4 Nf6 2. c4 c5 3. d5 e6 4. Nc3 exd5 5. cxd5 d6 6. Nf3 g6 7. e4 Bg7 8. h3 0-0 9. Bd3 b5 10. Bxb5 Nxe4 11. Nxe4 Qa5+ 12. Nfd2 Qxb5 13. Nxd6 Qa6 14. N2c4 Rd8 15. Bf4 Nd7 16. 0-0 Nb6 17. Nxb6 Qxb6 18. Nxc8 Raxc8 19. Rb1 c4 20. d6 Qc6 21. Qd2 Rd7 22. Rfd1 Qe4 23. Re1 Qf5 24. Rbc1 Qb5 25. Qe2 g5 26. Bg3 a6 27. Qg4 Bxb2 28. Rb1 c3 29. Re5 c2 30. Qxg5+ Kf8 31. Rc1 Qd3 32. Qf6 Qg6 33. Qh8+ 1-0

[Event "IECG TE.2002.P.01104 email"]
[Site "IECG email"]
[Date "2002.12.30"]
[Round "?"]
[White "Sgouritsas, Demosthenes"]
[Black "Jimenez, Joaquin Rodrigo"]
[Result "1/2-1/2"]
[WhiteElo "800"]
[BlackElo "2024"]
[PlyCount "58"]
[EventDate "2002.12.30"]
[EventType "tourn (corr)"]
[EventRounds "12"]
[SourceTitle "Corr 2008"]
[Source "ChessBase"]
[SourceDate "2008.06.24"]
[SourceVersion "1"]
[SourceVersionDate "2008.06.24"]
[SourceQuality "1"]

1. d4 Nf6 2. c4 c5 3. d5 e6 4. Nc3 exd5 5. cxd5 d6 6. e4 g6 7. f4 Bg7 8. Bb5+ Nfd7 9. Bd3 Qh4+ 10. g3 Qe7 11. Nf3 0-0 12. 0-0 Nb6 13. f5 N8d7 14. Bg5 Bf6 15. Bxf6 Nxf6 16. Qd2 c4 17. Bc2 Nbd7 18. Qd4 Ng4 19. Rae1 Nge5 20. Nd2 b6 21. Ba4 Ba6 22. Re2 Rac8 23. Bxd7 Qxd7 24. Nf3 f6 25. fxg6 hxg6 26. Qe3 Rce8 27. Nxe5 Rxe5 28. Ref2 Kg7 29. Rf4 Qe7 1/2-1/2

[Event "IECG TE.2002.P.01104 email"]
[Site "IECG email"]
[Date "2002.12.30"]
[Round "?"]
[White "Wurm, Tamas"]
[Black "Sgouritsas, Demosthenes"]
[Result "0-1"]
[WhiteElo "1363"]
[BlackElo "800"]
[PlyCount "68"]
[EventDate "2002.12.30"]
[EventType "tourn (corr)"]
[EventRounds "12"]
[SourceTitle "Corr 2008"]
[Source "ChessBase"]
[SourceDate "2008.06.24"]
[SourceVersion "1"]
[SourceVersionDate "2008.06.24"]
[SourceQuality "1"]

1. d4 Nf6 2. c4 c5 3. d5 e6 4. Nc3 exd5 5. cxd5 d6 6. e4 g6 7. h3 Bg7 8. Bd3 0-0 9. Nf3 b5 10. Nxb5 Re8 11. 0-0 Nxe4 12. Re1 a6 13. Na3 Nf6 14. Rxe8+ Nxe8 15. Bg5 Bf6 16. Qd2 Bb7 17. Re1 Nd7 18. Bc2 Ne5 19. Bxf6 Nxf3+ 20. gxf3 Qxf6 21. Be4 Nc7 22. Nc4 Re8 23. Re3 Bc8 24. Bd3 Rxe3 25. Qxe3 Bb7 26. Be4 Bxd5 27. Bxd5 Nxd5 28. Qe4 Nf4 29. Qa8+ Kg7 30. Qxa6 Qg5+ 31. Kf1 Qg2+ 32. Ke1 Qg1+ 33. Kd2 Qxf2+ 34. Kc3 Qxf3+ 0-1

[Event "IECG CF.2002.0.00039 email"]
[Site "IECG email"]
[Date "2002.12.05"]
[Round "?"]
[White "Sgouritsas, Demosthenes"]
[Black "Kota, Suman"]
[Result "1-0"]
[WhiteElo "800"]
[BlackElo "1199"]
[PlyCount "31"]
[EventDate "2002.12.05"]
[EventType "tourn (corr)"]
[EventRounds "6"]
[SourceTitle "Corr 2008"]
[Source "ChessBase"]
[SourceDate "2008.06.24"]
[SourceVersion "1"]
[SourceVersionDate "2008.06.24"]
[SourceQuality "1"]

1. d4 d5 2. c4 dxc4 3. e3 Nf6 4. Bxc4 e6 5. Nf3 Be7 6. 0-0 0-0 7. Qe2 Nc6 8. Nc3 a6 9. Rd1 b5 10. Bb3 Na5 11. Bc2 Bb7 12. e4 h6 13. e5 Nd5 14. Nxd5 Bxd5 15. Qd3 g6 16. Bxh6 1-0

[Event "IECC TH-M email"]
[Site "IECC email"]
[Date "2002.11.08"]
[Round "?"]
[White "Sgouritsas, Demosthenes"]
[Black "Tomashewski, Peter"]
[Result "1-0"]
[WhiteElo "1577"]
[BlackElo "1640"]
[PlyCount "61"]
[EventDate "2002.??.??"]
[EventType "match (corr)"]
[EventRounds "2"]
[SourceTitle "Corr 2008"]
[Source "ChessBase"]
[SourceDate "2008.06.24"]
[SourceVersion "1"]
[SourceVersionDate "2008.06.24"]
[SourceQuality "1"]

1. d4 d5 2. c4 dxc4 3. e4 e5 4. Nf3 Bb4+ 5. Nc3 exd4 6. Nxd4 Ne7 7. Bxc4 Nbc6 8. Be3 0-0 9. 0-0 Nxd4 10. Qxd4 Qxd4 11. Bxd4 Nc6 12. Be3 Bxc3 13. bxc3 Re8 14. f3 Ne5 15. Bb3 Be6 16. Rfd1 b6 17. Bf4 Ng6 18. Bxc7 Rac8 19. Ba4 Rf8 20. Bd6 Rfd8 21. f4 Bg4 22. Rd5 Rc4 23. Bb4 Rxd5 24. exd5 a5 25. Bb5 Rxf4 26. Bd6 Rf6 27. Bc7 Nf8 28. Re1 Rg6 29. d6 Be6 30. a4 h5 31. h4 1-0

[Event "IECC M email"]
[Site "IECC email"]
[Date "2002.10.20"]
[Round "?"]
[White "Sgouritsas, Demosthenes"]
[Black "Buck, Joseph"]
[Result "1-0"]
[WhiteElo "1566"]
[BlackElo "1629"]
[PlyCount "59"]
[EventDate "2002.??.??"]
[EventType "tourn (corr)"]
[EventRounds "6"]
[SourceTitle "Corr 2008"]
[Source "ChessBase"]
[SourceDate "2008.06.24"]
[SourceVersion "1"]
[SourceVersionDate "2008.06.24"]
[SourceQuality "1"]

1. c4 e5 2. b3 Nc6 3. Bb2 Nf6 4. g3 d5 5. Bg2 d4 6. d3 Bb4+ 7. Nd2 a5 8. a3 Bc5 9. Ngf3 0-0 10. Qc2 h6 11. 0-0 Bg4 12. h3 Be6 13. Bc1 Qd7 14. Kh2 Nh5 15. Ne4 Be7 16. Bb2 f5 17. Ned2 g5 18. e4 dxe3 19. fxe3 Rad8 20. d4 g4 21. d5 gxf3 22. Nxf3 Bxd5 23. cxd5 Qxd5 24. Nxe5 Qd2 25. Qc4+ Kh7 26. Bc3 Qd6 27. Bxc6 Bf6 28. Rad1 Qe7 29. Rxd8 Rxd8 30. Rxf5 1-0

[Event "IECC TH-M email"]
[Site "IECC email"]
[Date "2002.10.13"]
[Round "?"]
[White "Sgouritsas, Demosthenes"]
[Black "Zeik, Steve"]
[Result "1-0"]
[WhiteElo "1575"]
[BlackElo "1577"]
[PlyCount "53"]
[EventDate "2002.??.??"]
[EventType "match (corr)"]
[EventRounds "2"]
[SourceTitle "Corr 2008"]
[Source "ChessBase"]
[SourceDate "2008.06.24"]
[SourceVersion "1"]
[SourceVersionDate "2008.06.24"]
[SourceQuality "1"]

1. e4 e5 2. f4 d5 3. exd5 e4 4. d3 Nf6 5. Qe2 Bf5 6. dxe4 Nxe4 7. Nd2 Qe7 8. Ngf3 Nd7 9. Nd4 Nd6 10. Nxf5 Nxf5 11. Nf3 0-0-0 12. Bd2 Qxe2+ 13. Bxe2 Bc5 14. b4 Bb6 15. c4 Ne3 16. Bxe3 Bxe3 17. Ng5 Rdf8 18. Rf1 h6 19. Ne4 Re8 20. Ng3 g5 21. fxg5 hxg5 22. h3 Bf4 23. Nf5 Re4 24. Kf2 Ne5 25. d6 Bd2 26. a3 Nxc4 27. Bd3 1-0

[Event "IECC TH-T email"]
[Site "IECC email"]
[Date "2002.08.27"]
[Round "?"]
[White "Sala, Stefano"]
[Black "Sgouritsas, Demosthenes"]
[Result "0-1"]
[WhiteElo "1585"]
[BlackElo "1509"]
[PlyCount "44"]
[EventDate "2002.??.??"]
[EventType "match (corr)"]
[EventRounds "2"]
[SourceTitle "Corr 2008"]
[Source "ChessBase"]
[SourceDate "2008.06.24"]
[SourceVersion "1"]
[SourceVersionDate "2008.06.24"]
[SourceQuality "1"]

1. d4 Nf6 2. c4 c5 3. d5 e6 4. Nc3 exd5 5. cxd5 d6 6. e4 g6 7. f3 Bg7 8. Bg5 0-0 9. Qd2 Re8 10. g4 Nbd7 11. 0-0-0 Ne5 12. Bh6 Bxh6 13. Qxh6 a6 14. h4 b5 15. h5 b4 16. Nce2 Nfxg4 17. fxg4 g5 18. Nf3 Nxf3 19. Ng3 Ne5 20. Be2 f5 21. Nxf5 Bxf5 22. gxf5 Nf7 0-1

[Event "IECG CN.2002.0.00294 email"]
[Site "IECG email"]
[Date "2002.05.15"]
[Round "?"]
[White "Csapo, Andras"]
[Black "Sgouritsas, Demosthenes"]
[Result "0-1"]
[WhiteElo "800"]
[BlackElo "800"]
[PlyCount "48"]
[EventDate "2002.05.15"]
[EventType "tourn (corr)"]
[EventRounds "6"]
[SourceTitle "Corr 2008"]
[Source "ChessBase"]
[SourceDate "2008.06.24"]
[SourceVersion "1"]
[SourceVersionDate "2008.06.24"]
[SourceQuality "1"]

1. d4 Nf6 2. Nc3 d5 3. Nf3 Bf5 4. e3 e6 5. Bd3 c6 6. 0-0 Bd6 7. Bxf5 exf5 8. Qd3 Ne4 9. g3 0-0 10. b3 Re8 11. a3 Nd7 12. b4 Nb6 13. Nd1 Qf6 14. c3 a5 15. b5 Nc4 16. a4 cxb5 17. axb5 a4 18. Nd2 Nexd2 19. Bxd2 Qg6 20. Bc1 a3 21. h4 Bxg3 22. fxg3 Qxg3+ 23. Kh1 Re4 24. Qxe4 fxe4 0-1

[Event "IECG CN.2002.0.00294 email"]
[Site "IECG email"]
[Date "2002.05.15"]
[Round "?"]
[White "Schablowsky, Ruediger"]
[Black "Sgouritsas, Demosthenes"]
[Result "0-1"]
[WhiteElo "800"]
[BlackElo "800"]
[PlyCount "26"]
[EventDate "2002.05.15"]
[EventType "tourn (corr)"]
[EventRounds "6"]
[SourceTitle "Corr 2008"]
[Source "ChessBase"]
[SourceDate "2008.06.24"]
[SourceVersion "1"]
[SourceVersionDate "2008.06.24"]
[SourceQuality "1"]

1. e4 c5 2. Nf3 Nc6 3. Bb5 g6 4. Bxc6 dxc6 5. d3 Bg4 6. h3 Bxf3 7. Qxf3 Bg7 8. 0-0 Nf6 9. Nc3 Nd7 10. Bg5 Qa5 11. Bd2 0-0 12. Rfd1 e6 13. b4 cxb4 0-1

[Event "SEMI King's Indian E93 email"]
[Site "SEMI email"]
[Date "2000.02.20"]
[Round "?"]
[White "Collins, Casey"]
[Black "Sgouritsas, Demosthenes"]
[Result "1-0"]
[WhiteElo "1123"]
[BlackElo "1500"]
[PlyCount "23"]
[EventDate "2000.02.20"]
[EventType "tourn (corr)"]
[EventRounds "10"]
[EventCountry "ITA"]
[SourceTitle "Corr 2008"]
[Source "ChessBase"]
[SourceDate "2008.06.24"]
[SourceVersion "1"]
[SourceVersionDate "2008.06.24"]
[SourceQuality "1"]

1. d4 Nf6 2. c4 g6 3. Nc3 Bg7 4. e4 d6 5. Nf3 0-0 6. Be2 e5 7. d5 Nbd7 8. Bg5 a6 9. Qd2 Nc5 10. Bxf6 Bxf6 11. b4 Nd7 12. h4 1-0

[Event "SEMI King's Indian E93 email"]
[Site "SEMI email"]
[Date "2000.02.20"]
[Round "?"]
[White "Ferrari, Cristiano"]
[Black "Sgouritsas, Demosthenes"]
[Result "1-0"]
[WhiteElo "1700"]
[BlackElo "1500"]
[PlyCount "51"]
[EventDate "2000.02.20"]
[EventType "tourn (corr)"]
[EventRounds "10"]
[EventCountry "ITA"]
[SourceTitle "Corr 2008"]
[Source "ChessBase"]
[SourceDate "2008.06.24"]
[SourceVersion "1"]
[SourceVersionDate "2008.06.24"]
[SourceQuality "1"]

1. d4 Nf6 2. c4 g6 3. Nc3 Bg7 4. e4 d6 5. Nf3 0-0 6. Be2 e5 7. d5 Nbd7 8. Bg5 h6 9. Bd2 Nc5 10. Qc1 Ncxe4 11. Nxe4 Nxe4 12. Bxh6 c6 13. Bxg7 Qa5+ 14. Nd2 Kxg7 15. dxc6 bxc6 16. a3 Qxd2+ 17. Qxd2 Nxd2 18. Kxd2 Be6 19. Rac1 a5 20. b4 axb4 21. axb4 d5 22. b5 dxc4 23. bxc6 Rfd8+ 24. Ke1 Bd5 25. h4 Rac8 26. h5 1-0

[Event "SEMI King's Indian E93 email"]
[Site "SEMI email"]
[Date "2000.02.20"]
[Round "?"]
[White "Sgouritsas, Demosthenes"]
[Black "Bianchi, Maurizio"]
[Result "0-1"]
[WhiteElo "1500"]
[BlackElo "1832"]
[PlyCount "48"]
[EventDate "2000.02.20"]
[EventType "tourn (corr)"]
[EventRounds "10"]
[EventCountry "ITA"]
[SourceTitle "Corr 2008"]
[Source "ChessBase"]
[SourceDate "2008.06.24"]
[SourceVersion "1"]
[SourceVersionDate "2008.06.24"]
[SourceQuality "1"]

1. d4 Nf6 2. c4 g6 3. Nc3 Bg7 4. e4 d6 5. Nf3 0-0 6. Be2 e5 7. d5 Nbd7 8. Bg5 h6 9. Bh4 g5 10. Bg3 Nh5 11. h4 g4 12. Nh2 Nxg3 13. fxg3 h5 14. 0-0 Bh6 15. Bd3 c6 16. Kh1 Nc5 17. b4 Na6 18. a3 Nc7 19. Qe2 cxd5 20. Nxd5 Nxd5 21. cxd5 Bd7 22. Ra2 Rc8 23. Rc2 Qb6 24. Rf6 Bg7 0-1

[Event "SEMI King's Indian E93 email"]
[Site "SEMI email"]
[Date "2000.02.20"]
[Round "?"]
[White "Sgouritsas, Demosthenes"]
[Black "Capoccia, Angelo Antonio"]
[Result "0-1"]
[WhiteElo "1500"]
[BlackElo "2050"]
[PlyCount "62"]
[EventDate "2000.02.20"]
[EventType "tourn (corr)"]
[EventRounds "10"]
[EventCountry "ITA"]
[SourceTitle "Corr 2008"]
[Source "ChessBase"]
[SourceDate "2008.06.24"]
[SourceVersion "1"]
[SourceVersionDate "2008.06.24"]
[SourceQuality "1"]

1. d4 Nf6 2. c4 g6 3. Nc3 Bg7 4. e4 d6 5. Nf3 0-0 6. Be2 e5 7. d5 Nbd7 8. Bg5 h6 9. Bh4 g5 10. Bg3 Nh5 11. h4 g4 12. Nh2 Nxg3 13. fxg3 h5 14. 0-0 Bh6 15. Bd3 Nc5 16. Bc2 a5 17. Qe2 f6 18. Rf2 Bd7 19. Nf1 Qe7 20. Ne3 Bxe3 21. Qxe3 Qg7 22. Raf1 Rf7 23. b3 Raf8 24. a3 b6 25. b4 axb4 26. axb4 Na6 27. Na2 Ra8 28. Bd3 Rff8 29. Qd2 Kh7 30. Nc1 Qh6 31. Qe1 Kg7 0-1

[Event "SEMI King's Indian E93 email"]
[Site "SEMI email"]
[Date "2000.02.20"]
[Round "?"]
[White "Sveinsson, Jon Arni"]
[Black "Sgouritsas, Demosthenes"]
[Result "1-0"]
[WhiteElo "2000"]
[BlackElo "1500"]
[PlyCount "61"]
[EventDate "2000.02.20"]
[EventType "tourn (corr)"]
[EventRounds "10"]
[EventCountry "ITA"]
[SourceTitle "Corr 2008"]
[Source "ChessBase"]
[SourceDate "2008.06.24"]
[SourceVersion "1"]
[SourceVersionDate "2008.06.24"]
[SourceQuality "1"]

1. d4 Nf6 2. c4 g6 3. Nc3 Bg7 4. e4 d6 5. Nf3 0-0 6. Be2 e5 7. d5 Nbd7 8. Bg5 h6 9. Bd2 Nc5 10. Qb1 Bg4 11. h3 Bxf3 12. Bxf3 c6 13. 0-0 cxd5 14. cxd5 Qd7 15. Be2 Rac8 16. Be3 a6 17. Rc1 Na4 18. Nxa4 Qxa4 19. Bf3 Kh7 20. b3 Rxc1+ 21. Bxc1 Qa5 22. Bb2 Rc8 23. Qd3 b5 24. a4 Rc7 25. axb5 Qxb5 26. Qe3 Rc2 27. Ba3 Ne8 28. Bd1 Rc8 29. Be2 Qb7 30. Bc4 Rb8 31. Bb2 1-0

[Event "SEMI Perenyi Attack theme-3 corr"]
[Site "SEMI email"]
[Date "2000.??.??"]
[Round "?"]
[White "Sgouritsas, Demosthenes"]
[Black "Capoccia, Angelo Antonio"]
[Result "0-1"]
[WhiteElo "1500"]
[BlackElo "2050"]
[PlyCount "62"]
[EventDate "2000.02.15"]
[EventType "tourn (corr)"]
[EventRounds "6"]
[EventCountry "ITA"]
[SourceTitle "Corr 2008"]
[Source "ChessBase"]
[SourceDate "2008.06.24"]
[SourceVersion "1"]
[SourceVersionDate "2008.06.24"]
[SourceQuality "1"]

1. e4 c5 2. Nf3 d6 3. d4 cxd4 4. Nxd4 Nf6 5. Nc3 a6 6. Be3 e6 7. g4 e5 8. Nf5 g6 9. Bg2 gxf5 10. exf5 Rg8 11. h3 Nc6 12. Qe2 Ne7 13. f4 Qc7 14. 0-0-0 Bd7 15. Qf2 Bc6 16. Bb6 Qb8 17. fxe5 dxe5 18. Rhe1 h5 19. Bc5 Bxg2 20. Bd6 Qc8 21. Qxg2 Qc6 22. Qxc6+ bxc6 23. Bxe5 Bh6+ 24. Kb1 Bg5 25. Rd6 Bh4 26. Red1 Nfd5 27. Rh6 0-0-0 28. Ne4 hxg4 29. Rxh4 Nxf5 30. Rxg4 Rge8 31. Re1 Nde3 0-1